00419nam a2200145Ia 4500100001900000650001900019942000700038245005400045260001700099082002100116300000800137546001200145999001700157952009900174 aBhor/Priyanka  aCommunications cBK aBasics of Analog and digital communication system bNarosac2009 a621.382/BHObBHO a289 aENGLISH c32880d32880 001040708CRCaCRCEbCRCEd2023-03-17l0o621.382/BHO BHOp19480r2023-03-17w0000-00-00yBK